00689 2200181 4500001002100000005001500021035002000036007000300056008003900059082002300098084002900121100001500150245013600165260003300301300002300334650012200357856002800479INLIS00000000000623820240201033158 a0010-0224000078ta240201 | | |  a616. 907 259 815 6 a616. 907 259 815 6 BET h0 aBETA SENSA1 aHUBUNGAN CUCI TANGAN PAKAI SABUN DAN KEPADATAN LALAT DENGAN KEJADIAN DIARE PADA BALITA DI KELURAHAN LEGOK KOTA JAMBI /cBETA SENSA aJambi :bSTIKES PRIMA,c2017 axiv, 49.p ;c30.cm 4aHUBUNGAN CUCI TANGAN PAKAI SABUN DAN KEPADATAN LALAT DENGAN KEJADIAN DIARE PADA BALITA DI KELURAHAN LEGOK KOTA JAMBI aS1 Kesehatan Masyarakat